15 Willekeurige Punten op een Grensloze Kaart van Europa - Statistieken

Algemene statistieken
  • Deze quiz is 2.597 keer genomen
  • De gemiddelde score is 13 van 15
Antwoorden op de kaart
Antwoorden kleurgecodeerd door een groen-rode schaal op de quizkaart volgens % correct hieronder.
 
Antwoordstatistieken
Land % Correct
Belarus
100%
Belarus
100%
Belarus
100%
Belarus
100%
Belarus
100%
Belarus
100%
België
100%
België
100%
België
100%
België
100%
België
100%
Bosnië en Herzegovina
100%
Bosnië en Herzegovina
100%
Bosnië en Herzegovina
100%
Bulgarije
100%
Bulgarije
100%
Denemarken
100%
Denemarken
100%
Denemarken
100%
Denemarken
100%
Denemarken
100%
Denemarken
100%
Denemarken
100%
Denemarken
100%
Denemarken
100%
Denemarken
100%
Denemarken
100%
Denemarken
100%
Denemarken
100%
Denemarken
100%
Denemarken
100%
Denemarken
100%
Denemarken
100%
Denemarken
100%
Duitsland
100%
Duitsland
100%
Duitsland
100%
Duitsland
100%
Duitsland
100%
Duitsland
100%
Duitsland
100%
Duitsland
100%
Duitsland
100%
Duitsland
100%
Duitsland
100%
Duitsland
100%
Duitsland
100%
Duitsland
100%
Duitsland
100%
Duitsland
100%
Duitsland
100%
Duitsland
100%
Duitsland
100%
Duitsland
100%
Duitsland
100%
Duitsland
100%
Duitsland
100%
Duitsland
100%
Duitsland
100%
Duitsland
100%
Duitsland
100%
Duitsland
100%
Duitsland
100%
Duitsland
100%
Duitsland
100%
Duitsland
100%
Duitsland
100%
Duitsland
100%
Duitsland
100%
Duitsland
100%
Duitsland
100%
Duitsland
100%
Duitsland
100%
Duitsland
100%
Duitsland
100%
Duitsland
100%
Duitsland
100%
Duitsland
100%
Duitsland
100%
Duitsland
100%
Duitsland
100%
Duitsland
100%
Duitsland
100%
Duitsland
100%
Duitsland
100%
Duitsland
100%
Duitsland
100%
Duitsland
100%
Duitsland
100%
Duitsland
100%
Duitsland
100%
Duitsland
100%
Duitsland
100%
Duitsland
100%
Duitsland
100%
Duitsland
100%
Duitsland
100%
Duitsland
100%
Estland
100%
Estland
100%
Estland
100%
Estland
100%
Estland
100%
Estland
100%
Finland
100%
Finland
100%
Finland
100%
Finland
100%
Finland
100%
Finland
100%
Finland
100%
Finland
100%
Finland
100%
Finland
100%
Finland
100%
Finland
100%
Finland
100%
Finland
100%
Finland
100%
Finland
100%
Finland
100%
Finland
100%
Finland
100%
Finland
100%
Finland
100%
Finland
100%
Finland
100%
Finland
100%
Finland
100%
Finland
100%
Finland
100%
Finland
100%
Finland
100%
Finland
100%
Finland
100%
Finland
100%
Finland
100%
Finland
100%
Finland
100%
Finland
100%
Finland
100%
Finland
100%
Finland
100%
Finland
100%
Finland
100%
Finland
100%
Finland
100%
Finland
100%
Finland
100%
Finland
100%
Finland
100%
Finland
100%
Finland
100%
Finland
100%
Finland
100%
Finland
100%
Finland
100%
Finland
100%
Finland
100%
Finland
100%
Finland
100%
Finland
100%
Finland
100%
Finland
100%
Finland
100%
Finland
100%
Finland
100%
Finland
100%
Finland
100%
Finland
100%
Finland
100%
Finland
100%
Finland
100%
Finland
100%
Finland
100%
Finland
100%
Finland
100%
Finland
100%
Finland
100%
Finland
100%
Finland
100%
Finland
100%
Finland
100%
Finland
100%
Finland
100%
Finland
100%
Finland
100%
Finland
100%
Finland
100%
Finland
100%
Finland
100%
Finland
100%
Finland
100%
Finland
100%
Finland
100%
Finland
100%
Finland
100%
Finland
100%
Finland
100%
Finland
100%
Finland
100%
Finland
100%
Finland
100%
Finland
100%
Finland
100%
Finland
100%
Finland
100%
Finland
100%
Finland
100%
Finland
100%
Finland
100%
Finland
100%
Finland
100%
Finland
100%
Finland
100%
Frankrijk
100%
Frankrijk
100%
Frankrijk
100%
Frankrijk
100%
Frankrijk
100%
Frankrijk
100%
Frankrijk
100%
Frankrijk
100%
Frankrijk
100%
Frankrijk
100%
Frankrijk
100%
Frankrijk
100%
Frankrijk
100%
Frankrijk
100%
Frankrijk
100%
Frankrijk
100%
Frankrijk
100%
Frankrijk
100%
Frankrijk
100%
Frankrijk
100%
Frankrijk
100%
Frankrijk
100%
Frankrijk
100%
Frankrijk
100%
Frankrijk
100%
Frankrijk
100%
Frankrijk
100%
Frankrijk
100%
Frankrijk
100%
Frankrijk
100%
Frankrijk
100%
Frankrijk
100%
Frankrijk
100%
Frankrijk
100%
Frankrijk
100%
Frankrijk
100%
Frankrijk
100%
Frankrijk
100%
Frankrijk
100%
Frankrijk
100%
Frankrijk
100%
Frankrijk
100%
Frankrijk
100%
Frankrijk
100%
Frankrijk
100%
Frankrijk
100%
Frankrijk
100%
Frankrijk
100%
Frankrijk
100%
Frankrijk
100%
Frankrijk
100%
Frankrijk
100%
Frankrijk
100%
Frankrijk
100%
Frankrijk
100%
Frankrijk
100%
Frankrijk
100%
Frankrijk
100%
Frankrijk
100%
Frankrijk
100%
Frankrijk
100%
Frankrijk
100%
Frankrijk
100%
Frankrijk
100%
Frankrijk
100%
Frankrijk
100%
Frankrijk
100%
Frankrijk
100%
Frankrijk
100%
Frankrijk
100%
Frankrijk
100%
Frankrijk
100%
Frankrijk
100%
Frankrijk
100%
Frankrijk
100%
Frankrijk
100%
Frankrijk
100%
Frankrijk
100%
Frankrijk
100%
Frankrijk
100%
Frankrijk
100%
Frankrijk
100%
Frankrijk
100%
Frankrijk
100%
Frankrijk
100%
Frankrijk
100%
Frankrijk
100%
Frankrijk
100%
Frankrijk
100%
Frankrijk
100%
Frankrijk
100%
Frankrijk
100%
Frankrijk
100%
Frankrijk
100%
Frankrijk
100%
Frankrijk
100%
Frankrijk
100%
Frankrijk
100%
Frankrijk
100%
Frankrijk
100%
Frankrijk
100%
Frankrijk
100%
Frankrijk
100%
Frankrijk
100%
Frankrijk
100%
Frankrijk
100%
Frankrijk
100%
Frankrijk
100%
Frankrijk
100%
Frankrijk
100%
Frankrijk
100%
Frankrijk
100%
Frankrijk
100%
Frankrijk
100%
Frankrijk
100%
Griekenland
100%
Griekenland
100%
Griekenland
100%
Griekenland
100%
Griekenland
100%
Griekenland
100%
Griekenland
100%
Griekenland
100%
Griekenland
100%
Griekenland
100%
Griekenland
100%
Griekenland
100%
Griekenland
100%
Griekenland
100%
Griekenland
100%
Griekenland
100%
Griekenland
100%
Griekenland
100%
Griekenland
100%
Griekenland
100%
Griekenland
100%
Hongarije
100%
Ierland
100%
Ierland
100%
Ierland
100%
Ierland
100%
Ierland
100%
Ierland
100%
Ierland
100%
Ierland
100%
Ierland
100%
Ierland
100%
Ierland
100%
Ierland
100%
Ierland
100%
Ierland
100%
Ierland
100%
Ierland
100%
Ierland
100%
Ierland
100%
Ierland
100%
Ierland
100%
Ierland
100%
Ierland
100%
IJsland
100%
IJsland
100%
IJsland
100%
IJsland
100%
IJsland
100%
IJsland
100%
IJsland
100%
IJsland
100%
IJsland
100%
IJsland
100%
IJsland
100%
IJsland
100%
IJsland
100%
IJsland
100%
IJsland
100%
IJsland
100%
IJsland
100%
IJsland
100%
IJsland
100%
IJsland
100%
IJsland
100%
IJsland
100%
IJsland
100%
IJsland
100%
IJsland
100%
IJsland
100%
IJsland
100%
IJsland
100%
Italië
100%
Italië
100%
Italië
100%
Italië
100%
Italië
100%
Italië
100%
Italië
100%
Italië
100%
Italië
100%
Italië
100%
Italië
100%
Italië
100%
Italië
100%
Italië
100%
Italië
100%
Italië
100%
Italië
100%
Italië
100%
Italië
100%
Italië
100%
Italië
100%
Italië
100%
Italië
100%
Italië
100%
Italië
100%
Italië
100%
Italië
100%
Italië
100%
Italië
100%
Italië
100%
Italië
100%
Italië
100%
Italië
100%
Italië
100%
Italië
100%
Italië
100%
Italië
100%
Italië
100%
Italië
100%
Italië
100%
Italië
100%
Italië
100%
Italië
100%
Italië
100%
Italië
100%
Italië
100%
Italië
100%
Kroatië
100%
Kroatië
100%
Kroatië
100%
Kroatië
100%
Letland
100%
Letland
100%
Letland
100%
Letland
100%
Letland
100%
Letland
100%
Litouwen
100%
Luxemburg
100%
Luxemburg
100%
Moldavië
100%
Nederland
100%
Nederland
100%
Nederland
100%
Nederland
100%
Nederland
100%
Nederland
100%
Nederland
100%
Nederland
100%
Nederland
100%
Nederland
100%
Nederland
100%
Noorwegen
100%
Noorwegen
100%
Noorwegen
100%
Noorwegen
100%
Noorwegen
100%
Noorwegen
100%
Noorwegen
100%
Noorwegen
100%
Noorwegen
100%
Noorwegen
100%
Noorwegen
100%
Noorwegen
100%
Noorwegen
100%
Noorwegen
100%
Noorwegen
100%
Noorwegen
100%
Noorwegen
100%
Noorwegen
100%
Noorwegen
100%
Noorwegen
100%
Noorwegen
100%
Noorwegen
100%
Noorwegen
100%
Noorwegen
100%
Noorwegen
100%
Noorwegen
100%
Noorwegen
100%
Noorwegen
100%
Noorwegen
100%
Noorwegen
100%
Noorwegen
100%
Noorwegen
100%
Noorwegen
100%
Noorwegen
100%
Noorwegen
100%
Noorwegen
100%
Noorwegen
100%
Noorwegen
100%
Noorwegen
100%
Noorwegen
100%
Noorwegen
100%
Noorwegen
100%
Noorwegen
100%
Noorwegen
100%
Noorwegen
100%
Noorwegen
100%
Noorwegen
100%
Noorwegen
100%
Noorwegen
100%
Noorwegen
100%
Noorwegen
100%
Noorwegen
100%
Noorwegen
100%
Noorwegen
100%
Noorwegen
100%
Noorwegen
100%
Noorwegen
100%
Noorwegen
100%
Noorwegen
100%
Noorwegen
100%
Noorwegen
100%
Noorwegen
100%
Noorwegen
100%
Noorwegen
100%
Noorwegen
100%
Noorwegen
100%
Noorwegen
100%
Noorwegen
100%
Noorwegen
100%
Noorwegen
100%
Noorwegen
100%
Noorwegen
100%
Noorwegen
100%
Noorwegen
100%
Noorwegen
100%
Noorwegen
100%
Noorwegen
100%
Noorwegen
100%
Noorwegen
100%
Noorwegen
100%
Noorwegen
100%
Noorwegen
100%
Noorwegen
100%
Noorwegen
100%
Noorwegen
100%
Noorwegen
100%
Noorwegen
100%
Noorwegen
100%
Noorwegen
100%
Noorwegen
100%
Noorwegen
100%
Noorwegen
100%
Noorwegen
100%
Noorwegen
100%
Noorwegen
100%
Noorwegen
100%
Noorwegen
100%
Noorwegen
100%
Noorwegen
100%
Noorwegen
100%
Noorwegen
100%
Noorwegen
100%
Noorwegen
100%
Noorwegen
100%
Noorwegen
100%
Noorwegen
100%
Noorwegen
100%
Noorwegen
100%
Noorwegen
100%
Noorwegen
100%
Noorwegen
100%
Noorwegen
100%
Noorwegen
100%
Noorwegen
100%
Noorwegen
100%
Noorwegen
100%
Noorwegen
100%
Noorwegen
100%
Noorwegen
100%
Noorwegen
100%
Noorwegen
100%
Noorwegen
100%
Noorwegen
100%
Noorwegen
100%
Noorwegen
100%
Noorwegen
100%
Noorwegen
100%
Noorwegen
100%
Noorwegen
100%
Noorwegen
100%
Noorwegen
100%
Noorwegen
100%
Noorwegen
100%
Noorwegen
100%
Noorwegen
100%
Noorwegen
100%
Noorwegen
100%
Noorwegen
100%
Noorwegen
100%
Noorwegen
100%
Noorwegen
100%
Noorwegen
100%
Noorwegen
100%
Noorwegen
100%
Noorwegen
100%
Noorwegen
100%
Noorwegen
100%
Noorwegen
100%
Noorwegen
100%
Noorwegen
100%
Noorwegen
100%
Noorwegen
100%
Noorwegen
100%
Noorwegen
100%
Noorwegen
100%
Oekraïne
100%
Oekraïne
100%
Oekraïne
100%
Oekraïne
100%
Oekraïne
100%
Oekraïne
100%
Oekraïne
100%
Oekraïne
100%
Oekraïne
100%
Oekraïne
100%
Oekraïne
100%
Oekraïne
100%
Oekraïne
100%
Oekraïne
100%
Oekraïne
100%
Oekraïne
100%
Oekraïne
100%
Oekraïne
100%
Oekraïne
100%
Oekraïne
100%
Oekraïne
100%
Oekraïne
100%
Oekraïne
100%
Oekraïne
100%
Oekraïne
100%
Oekraïne
100%
Oostenrijk
100%
Oostenrijk
100%
Oostenrijk
100%
Polen
100%
Polen
100%
Polen
100%
Polen
100%
Polen
100%
Polen
100%
Polen
100%
Polen
100%
Polen
100%
Polen
100%
Polen
100%
Polen
100%
Polen
100%
Polen
100%
Polen
100%
Polen
100%
Polen
100%
Polen
100%
Polen
100%
Polen
100%
Polen
100%
Polen
100%
Polen
100%
Polen
100%
Polen
100%
Polen
100%
Polen
100%
Polen
100%
Polen
100%
Polen
100%
Polen
100%
Polen
100%
Polen
100%
Polen
100%
Polen
100%
Polen
100%
Polen
100%
Polen
100%
Polen
100%
Polen
100%
Polen
100%
Polen
100%
Portugal
100%
Portugal
100%
Portugal
100%
Portugal
100%
Portugal
100%
Portugal
100%
Portugal
100%
Portugal
100%
Portugal
100%
Portugal
100%
Portugal
100%
Portugal
100%
Roemenië
100%
Roemenië
100%
Rusland
100%
Rusland
100%
Rusland
100%
Rusland
100%
Rusland
100%
Rusland
100%
Rusland
100%
Rusland
100%
Rusland
100%
Rusland
100%
Rusland
100%
Rusland
100%
Rusland
100%
Rusland
100%
Rusland
100%
Rusland
100%
Rusland
100%
Rusland
100%
Rusland
100%
Rusland
100%
Rusland
100%
Rusland
100%
Rusland
100%
Rusland
100%
Rusland
100%
Rusland
100%
Rusland
100%
Rusland
100%
Rusland
100%
Rusland
100%
Rusland
100%
Rusland
100%
Rusland
100%
Rusland
100%
Rusland
100%
Rusland
100%
Rusland
100%
Rusland
100%
Rusland
100%
Rusland
100%
Rusland
100%
Rusland
100%
Rusland
100%
Rusland
100%
Rusland
100%
Rusland
100%
Rusland
100%
Rusland
100%
Rusland
100%
Rusland
100%
Rusland
100%
Rusland
100%
Rusland
100%
Rusland
100%
Rusland
100%
Rusland
100%
Rusland
100%
Rusland
100%
Rusland
100%
Rusland
100%
Rusland
100%
Rusland
100%
Rusland
100%
Rusland
100%
Rusland
100%
Rusland
100%
Rusland
100%
Rusland
100%
Rusland
100%
Rusland
100%
Rusland
100%
Rusland
100%
Rusland
100%
Rusland
100%
Rusland
100%
Rusland
100%
Rusland
100%
Rusland
100%
Rusland
100%
Rusland
100%
Rusland
100%
Rusland
100%
Rusland
100%
Rusland
100%
Rusland
100%
Rusland
100%
Rusland
100%
Rusland
100%
Rusland
100%
Rusland
100%
Rusland
100%
Rusland
100%
Rusland
100%
Rusland
100%
Rusland
100%
Rusland
100%
Rusland
100%
Rusland
100%
Rusland
100%
Rusland
100%
Rusland
100%
Rusland
100%
Rusland
100%
Rusland
100%
Rusland
100%
Rusland
100%
Rusland
100%
Rusland
100%
Rusland
100%
Rusland
100%
Rusland
100%
Rusland
100%
Rusland
100%
Rusland
100%
Rusland
100%
Rusland
100%
Rusland
100%
Rusland
100%
Rusland
100%
Rusland
100%
Rusland
100%
Rusland
100%
Rusland
100%
Rusland
100%
Rusland
100%
Rusland
100%
Rusland
100%
Rusland
100%
Rusland
100%
Rusland
100%
Rusland
100%
Rusland
100%
Rusland
100%
Rusland
100%
Rusland
100%
Rusland
100%
Rusland
100%
Rusland
100%
Rusland
100%
Rusland
100%
Rusland
100%
Rusland
100%
Rusland
100%
Rusland
100%
Rusland
100%
Rusland
100%
Rusland
100%
Rusland
100%
Rusland
100%
Rusland
100%
Rusland
100%
Rusland
100%
Rusland
100%
Rusland
100%
Rusland
100%
Rusland
100%
Rusland
100%
Rusland
100%
Rusland
100%
Rusland
100%
Rusland
100%
Rusland
100%
Rusland
100%
Rusland
100%
Rusland
100%
Rusland
100%
Rusland
100%
Rusland
100%
Rusland
100%
Rusland
100%
Rusland
100%
Rusland
100%
Rusland
100%
Rusland
100%
Rusland
100%
Rusland
100%
Rusland
100%
Rusland
100%
Rusland
100%
Rusland
100%
Rusland
100%
Rusland
100%
Rusland
100%
Rusland
100%
Rusland
100%
Rusland
100%
Rusland
100%
Rusland
100%
Rusland
100%
Rusland
100%
Rusland
100%
Rusland
100%
Rusland
100%
Rusland
100%
Rusland
100%
Rusland
100%
Rusland
100%
Rusland
100%
Rusland
100%
Rusland
100%
Rusland
100%
Rusland
100%
Rusland
100%
Rusland
100%
Rusland
100%
Rusland
100%
Rusland
100%
Rusland
100%
Rusland
100%
Rusland
100%
Rusland
100%
Rusland
100%
Rusland
100%
Rusland
100%
Rusland
100%
Rusland
100%
Rusland
100%
Rusland
100%
Rusland
100%
Rusland
100%
Rusland
100%
Rusland
100%
Rusland
100%
Rusland
100%
Rusland
100%
Rusland
100%
Rusland
100%
Rusland
100%
Rusland
100%
Rusland
100%
Rusland
100%
Rusland
100%
Rusland
100%
Rusland
100%
Rusland
100%
Rusland
100%
Rusland
100%
Rusland
100%
Rusland
100%
Rusland
100%
Rusland
100%
Rusland
100%
Rusland
100%
Rusland
100%
Rusland
100%
Rusland
100%
Rusland
100%
Rusland
100%
Rusland
100%
Rusland
100%
Rusland
100%
Rusland
100%
Rusland
100%
Rusland
100%
Rusland
100%
Rusland
100%
Rusland
100%
Rusland
100%
Rusland
100%
Rusland
100%
Rusland
100%
Rusland
100%
Rusland
100%
Rusland
100%
Rusland
100%
Rusland
100%
Rusland
100%
Rusland
100%
Rusland
100%
Rusland
100%
Rusland
100%
Rusland
100%
Rusland
100%
Rusland
100%
Rusland
100%
Rusland
100%
Rusland
100%
Rusland
100%
Rusland
100%
Rusland
100%
Rusland
100%
Rusland
100%
Servië
100%
Servië
100%
Servië
100%
Spanje
100%
Spanje
100%
Spanje
100%
Spanje
100%
Spanje
100%
Spanje
100%
Spanje
100%
Spanje
100%
Spanje
100%
Spanje
100%
Spanje
100%
Spanje
100%
Spanje
100%
Spanje
100%
Spanje
100%
Spanje
100%
Spanje
100%
Spanje
100%
Spanje
100%
Spanje
100%
Spanje
100%
Spanje
100%
Spanje
100%
Spanje
100%
Spanje
100%
Spanje
100%
Spanje
100%
Spanje
100%
Spanje
100%
Spanje
100%
Spanje
100%
Spanje
100%
Spanje
100%
Spanje
100%
Spanje
100%
Spanje
100%
Spanje
100%
Spanje
100%
Spanje
100%
Spanje
100%
Spanje
100%
Spanje
100%
Spanje
100%
Spanje
100%
Spanje
100%
Spanje
100%
Spanje
100%
Spanje
100%
Spanje
100%
Spanje
100%
Spanje
100%
Spanje
100%
Spanje
100%
Spanje
100%
Spanje
100%
Spanje
100%
Spanje
100%
Spanje
100%
Spanje
100%
Spanje
100%
Spanje
100%
Spanje
100%
Spanje
100%
Spanje
100%
Spanje
100%
Spanje
100%
Spanje
100%
Spanje
100%
Spanje
100%
Spanje
100%
Spanje
100%
Spanje
100%
Spanje
100%
Spanje
100%
Spanje
100%
Spanje
100%
Spanje
100%
Spanje
100%
Spanje
100%
Spanje
100%
Spanje
100%
Spanje
100%
Spanje
100%
Spanje
100%
Spanje
100%
Spanje
100%
Spanje
100%
Spanje
100%
Spanje
100%
Spanje
100%
Spanje
100%
Spanje
100%
Tsjechië
100%
Tsjechië
100%
Tsjechië
100%
Tsjechië
100%
Verenigd Koninkrijk
100%
Verenigd Koninkrijk
100%
Verenigd Koninkrijk
100%
Verenigd Koninkrijk
100%
Verenigd Koninkrijk
100%
Verenigd Koninkrijk
100%
Verenigd Koninkrijk
100%
Verenigd Koninkrijk
100%
Verenigd Koninkrijk
100%
Verenigd Koninkrijk
100%
Verenigd Koninkrijk
100%
Verenigd Koninkrijk
100%
Verenigd Koninkrijk
100%
Verenigd Koninkrijk
100%
Verenigd Koninkrijk
100%
Verenigd Koninkrijk
100%
Verenigd Koninkrijk
100%
Verenigd Koninkrijk
100%
Verenigd Koninkrijk
100%
Verenigd Koninkrijk
100%
Verenigd Koninkrijk
100%
Verenigd Koninkrijk
100%
Verenigd Koninkrijk
100%
Verenigd Koninkrijk
100%
Verenigd Koninkrijk
100%
Verenigd Koninkrijk
100%
Verenigd Koninkrijk
100%
Verenigd Koninkrijk
100%
Verenigd Koninkrijk
100%
Verenigd Koninkrijk
100%
Verenigd Koninkrijk
100%
Verenigd Koninkrijk
100%
Verenigd Koninkrijk
100%
Verenigd Koninkrijk
100%
Verenigd Koninkrijk
100%
Verenigd Koninkrijk
100%
Verenigd Koninkrijk
100%
Verenigd Koninkrijk
100%
Verenigd Koninkrijk
100%
Verenigd Koninkrijk
100%
Verenigd Koninkrijk
100%
Verenigd Koninkrijk
100%
Verenigd Koninkrijk
100%
Verenigd Koninkrijk
100%
Verenigd Koninkrijk
100%
Verenigd Koninkrijk
100%
Verenigd Koninkrijk
100%
Verenigd Koninkrijk
100%
Verenigd Koninkrijk
100%
Verenigd Koninkrijk
100%
Verenigd Koninkrijk
100%
Verenigd Koninkrijk
100%
Verenigd Koninkrijk
100%
Verenigd Koninkrijk
100%
Verenigd Koninkrijk
100%
Verenigd Koninkrijk
100%
Verenigd Koninkrijk
100%
Verenigd Koninkrijk
100%
Verenigd Koninkrijk
100%
Verenigd Koninkrijk
100%
Verenigd Koninkrijk
100%
Verenigd Koninkrijk
100%
Verenigd Koninkrijk
100%
Verenigd Koninkrijk
100%
Verenigd Koninkrijk
100%
Verenigd Koninkrijk
100%
Zweden
100%
Zweden
100%
Zweden
100%
Zweden
100%
Zweden
100%
Zweden
100%
Zweden
100%
Zweden
100%
Zweden
100%
Zweden
100%
Zweden
100%
Zweden
100%
Zweden
100%
Zweden
100%
Zweden
100%
Zweden
100%
Zweden
100%
Zweden
100%
Zweden
100%
Zweden
100%
Zweden
100%
Zweden
100%
Zweden
100%
Zweden
100%
Zweden
100%
Zweden
100%
Zweden
100%
Zweden
100%
Zweden
100%
Zweden
100%
Zweden
100%
Zweden
100%
Zweden
100%
Zweden
100%
Zweden
100%
Zweden
100%
Zweden
100%
Zweden
100%
Zweden
100%
Zweden
100%
Zweden
100%
Zweden
100%
Zweden
100%
Zweden
100%
Zweden
100%
Zweden
100%
Zweden
100%
Zweden
100%
Zweden
100%
Zweden
100%
Zweden
100%
Zweden
100%
Zweden
100%
Zweden
100%
Zweden
100%
Zweden
100%
Zweden
100%
Zweden
100%
Zweden
100%
Zweden
100%
Zweden
100%
Zweden
100%
Zweden
100%
Zweden
100%
Zweden
100%
Zweden
100%
Zweden
100%
Zweden
100%
Zweden
100%
Zweden
100%
Zweden
100%
Zweden
100%
Zweden
100%
Zweden
100%
Zweden
100%
Zweden
100%
Zweden
100%
Zweden
100%
Zweden
100%
Zweden
100%
Zweden
100%
Zweden
100%
Zweden
100%
Zweden
100%
Zweden
100%
Zweden
100%
Zweden
100%
Zweden
100%
Zweden
100%
Zweden
100%
Zweden
100%
Zweden
100%
Zweden
100%
Zweden
100%
Zweden
100%
Zweden
100%
Zweden
100%
Zweden
100%
Zweden
100%
Zweden
100%
Zweden
100%
Zweden
100%
Zweden
100%
Zweden
100%
Zweden
100%
Zweden
100%
Zweden
100%
Zweden
100%
Zweden
100%
Zweden
100%
Zweden
100%
Zweden
100%
Zweden
100%
Zweden
100%
Zweden
100%
Zweden
100%
Zweden
100%
Zweden
100%
Zweden
100%
Zweden
100%
Zweden
100%
Zweden
100%
Zweden
100%
Zweden
100%
Zweden
100%
Zweden
100%
Zweden
100%
Zweden
100%
Zweden
100%
Zweden
100%
Zweden
100%
Zweden
100%
Zweden
100%
Zweden
100%
Zweden
100%
Zweden
100%
Zweden
100%
Zweden
100%
Zweden
100%
Zweden
100%
Zweden
100%
Zweden
100%
Zweden
100%
Zweden
100%
Zweden
100%
Zweden
100%
Zweden
100%
Zweden
100%
Zweden
100%
Zweden
100%
Zweden
100%
Zweden
100%
Zwitserland
100%
Zwitserland
100%
Zwitserland
100%
Zwitserland
100%
Rusland
94%
Duitsland
93%
Finland
93%
Italië
93%
Portugal
93%
Rusland
93%
Zweden
93%
Denemarken
92%
Duitsland
92%
Estland
92%
Finland
92%
Finland
92%
Finland
92%
Frankrijk
92%
Frankrijk
92%
IJsland
92%
Kroatië
92%
Nederland
92%
Nederland
92%
Noorwegen
92%
Noorwegen
92%
Noorwegen
92%
Oekraïne
92%
Oostenrijk
92%
Polen
92%
Rusland
92%
Rusland
92%
Rusland
92%
Rusland
92%
Rusland
92%
Spanje
92%
Verenigd Koninkrijk
92%
Verenigd Koninkrijk
92%
Verenigd Koninkrijk
92%
Verenigd Koninkrijk
92%
Verenigd Koninkrijk
92%
Verenigd Koninkrijk
92%
Denemarken
91%
Denemarken
91%
Duitsland
91%
Finland
91%
Finland
91%
Finland
91%
Frankrijk
91%
Frankrijk
91%
Frankrijk
91%
Frankrijk
91%
Frankrijk
91%
Frankrijk
91%
Frankrijk
91%
Griekenland
91%
IJsland
91%
Italië
91%
Italië
91%
Oekraïne
91%
Oekraïne
91%
Polen
91%
Portugal
91%
Rusland
91%
Rusland
91%
Rusland
91%
Rusland
91%
Rusland
91%
Rusland
91%
Rusland
91%
Rusland
91%
Rusland
91%
Rusland
91%
Rusland
91%
Spanje
91%
Spanje
91%
Spanje
91%
Verenigd Koninkrijk
91%
Verenigd Koninkrijk
91%
Verenigd Koninkrijk
91%
Zweden
91%
Zweden
91%
Zweden
91%
Belarus
90%
Duitsland
90%
Finland
90%
Finland
90%
Finland
90%
Finland
90%
Finland
90%
Frankrijk
90%
Frankrijk
90%
Frankrijk
90%
Frankrijk
90%
Griekenland
90%
Ierland
90%
Ierland
90%
IJsland
90%
IJsland
90%
IJsland
90%
IJsland
90%
Italië
90%
Italië
90%
Italië
90%
Italië
90%
Litouwen
90%
Noorwegen
90%
Noorwegen
90%
Oekraïne
90%
Oekraïne
90%
Oostenrijk
90%
Polen
90%
Polen
90%
Polen
90%
Rusland
90%
Rusland
90%
Rusland
90%
Rusland
90%
Rusland
90%
Rusland
90%
Rusland
90%
Rusland
90%
Rusland
90%
Rusland
90%
Rusland
90%
Rusland
90%
Rusland
90%
Rusland
90%
Rusland
90%
Rusland
90%
Rusland
90%
Rusland
90%
Spanje
90%
Spanje
90%
Verenigd Koninkrijk
90%
Verenigd Koninkrijk
90%
Verenigd Koninkrijk
90%
Verenigd Koninkrijk
90%
Zweden
90%
Zweden
90%
Zweden
90%
Belarus
89%
Belarus
89%
België
89%
Bulgarije
89%
Denemarken
89%
Denemarken
89%
Duitsland
89%
Duitsland
89%
Duitsland
89%
Duitsland
89%
Estland
89%
Estland
89%
Finland
89%
Finland
89%
Finland
89%
Finland
89%
Finland
89%
Finland
89%
Finland
89%
Finland
89%
Frankrijk
89%
Frankrijk
89%
Griekenland
89%
Griekenland
89%
Griekenland
89%
IJsland
89%
Italië
89%
Italië
89%
Italië
89%
Italië
89%
Kroatië
89%
Noorwegen
89%
Noorwegen
89%
Noorwegen
89%
Noorwegen
89%
Noorwegen
89%
Noorwegen
89%
Noorwegen
89%
Oekraïne
89%
Oekraïne
89%
Oekraïne
89%
Oostenrijk
89%
Polen
89%
Polen
89%
Polen
89%
Polen
89%
Polen
89%
Portugal
89%
Portugal
89%
Rusland
89%
Rusland
89%
Rusland
89%
Rusland
89%
Rusland
89%
Rusland
89%
Rusland
89%
Rusland
89%
Rusland
89%
Rusland
89%
Rusland
89%
Rusland
89%
Rusland
89%
Rusland
89%
Rusland
89%
Rusland
89%
Rusland
89%
Rusland
89%
Rusland
89%
Rusland
89%
Rusland
89%
Rusland
89%
Rusland
89%
Rusland
89%
Servië
89%
Spanje
89%
Spanje
89%
Spanje
89%
Spanje
89%
Spanje
89%
Spanje
89%
Verenigd Koninkrijk
89%
Verenigd Koninkrijk
89%
Verenigd Koninkrijk
89%
Verenigd Koninkrijk
89%
Verenigd Koninkrijk
89%
Verenigd Koninkrijk
89%
Verenigd Koninkrijk
89%
Zweden
89%
Zweden
89%
Zweden
89%
Zweden
89%
Zwitserland
89%
Albanië
88%
Belarus
88%
Belarus
88%
Belarus
88%
Duitsland
88%
Duitsland
88%
Duitsland
88%
Estland
88%
Estland
88%
Finland
88%
Finland
88%
Finland
88%
Finland
88%
Finland
88%
Frankrijk
88%
Frankrijk
88%
Frankrijk
88%
Frankrijk
88%
Frankrijk
88%
Frankrijk
88%
Griekenland
88%
Ierland
88%
Ierland
88%
IJsland
88%
IJsland
88%
IJsland
88%
Italië
88%
Italië
88%
Italië
88%
Italië
88%
Italië
88%
Italië
88%
Kroatië
88%
Letland
88%
Litouwen
88%
Litouwen
88%
Nederland
88%
Noorwegen
88%
Noorwegen
88%
Noorwegen
88%
Oekraïne
88%
Oekraïne
88%
Oekraïne
88%
Oekraïne
88%
Oekraïne
88%
Polen
88%
Polen
88%
Polen
88%
Polen
88%
Polen
88%
Polen
88%
Portugal
88%
Portugal
88%
Rusland
88%
Rusland
88%
Rusland
88%
Rusland
88%
Rusland
88%
Rusland
88%
Rusland
88%
Rusland
88%
Rusland
88%
Rusland
88%
Rusland
88%
Rusland
88%
Rusland
88%
Rusland
88%
Rusland
88%
Rusland
88%
Rusland
88%
Rusland
88%
Rusland
88%
Rusland
88%
Rusland
88%
Rusland
88%
Rusland
88%
Slovenië
88%
Spanje
88%
Spanje
88%
Spanje
88%
Spanje
88%
Spanje
88%
Verenigd Koninkrijk
88%
Verenigd Koninkrijk
88%
Verenigd Koninkrijk
88%
Verenigd Koninkrijk
88%
Verenigd Koninkrijk
88%
Zweden
88%
Zweden
88%
Zweden
88%
Zweden
88%
Zweden
88%
Zweden
88%
Zweden
88%
Zweden
88%
Zweden
88%
Zweden
88%
Zweden
88%
Zweden
88%
Zweden
88%
Zweden
88%
Zweden
88%
Estland
87%
Noorwegen
87%
Rusland
87%
Albanië
86%
Albanië
86%
Albanië
86%
Belarus
86%
Belarus
86%
Belarus
86%
Belarus
86%
België
86%
België
86%
Bulgarije
86%
Denemarken
86%
Denemarken
86%
Denemarken
86%
Denemarken
86%
Duitsland
86%
Duitsland
86%
Duitsland
86%
Duitsland
86%
Duitsland
86%
Duitsland
86%
Duitsland
86%
Duitsland
86%
Estland
86%
Estland
86%
Estland
86%
Estland
86%
Estland
86%
Finland
86%
Finland
86%
Finland
86%
Finland
86%
Finland
86%
Finland
86%
Finland
86%
Finland
86%
Finland
86%
Frankrijk
86%
Frankrijk
86%
Frankrijk
86%
Frankrijk
86%
Griekenland
86%
Griekenland
86%
Griekenland
86%
Griekenland
86%
Griekenland
86%
Griekenland
86%
Griekenland
86%
Griekenland
86%
Ierland
86%
Ierland
86%
IJsland
86%
Italië
86%
Italië
86%
Italië
86%
Italië
86%
Italië
86%
Letland
86%
Letland
86%
Nederland
86%
Noorwegen
86%
Noorwegen
86%
Noorwegen
86%
Noorwegen
86%
Noorwegen
86%
Noorwegen
86%
Noorwegen
86%
Noorwegen
86%
Noorwegen
86%
Noorwegen
86%
Noorwegen
86%
Oekraïne
86%
Oekraïne
86%
Oekraïne
86%
Oekraïne
86%
Oekraïne
86%
Oekraïne
86%
Oekraïne
86%
Oekraïne
86%
Oekraïne
86%
Oekraïne
86%
Oostenrijk
86%
Polen
86%
Polen
86%
Polen
86%
Portugal
86%
Portugal
86%
Portugal
86%
Portugal
86%
Roemenië
86%
Roemenië
86%
Rusland
86%
Rusland
86%
Rusland
86%
Rusland
86%
Rusland
86%
Rusland
86%
Rusland
86%
Rusland
86%
Rusland
86%
Rusland
86%
Rusland
86%
Rusland
86%
Rusland
86%
Rusland
86%
Rusland
86%
Rusland
86%
Rusland
86%
Rusland
86%
Rusland
86%
Rusland
86%
Rusland
86%
Rusland
86%
Rusland
86%
Rusland
86%
Rusland
86%
Rusland
86%
Rusland
86%
Rusland
86%
Rusland
86%
Rusland
86%
Rusland
86%
Rusland
86%
Rusland
86%
Rusland
86%
Slovenië
86%
Spanje
86%
Spanje
86%
Spanje
86%
Spanje
86%
Spanje
86%
Spanje
86%
Tsjechië
86%
Vaticaanstad
86%
Verenigd Koninkrijk
86%
Verenigd Koninkrijk
86%
Verenigd Koninkrijk
86%
Verenigd Koninkrijk
86%
Verenigd Koninkrijk
86%
Verenigd Koninkrijk
86%
Verenigd Koninkrijk
86%
Verenigd Koninkrijk
86%
Verenigd Koninkrijk
86%
Verenigd Koninkrijk
86%
Verenigd Koninkrijk
86%
Verenigd Koninkrijk
86%
Zweden
86%
Zweden
86%
Zweden
86%
Zweden
86%
Zweden
86%
Zweden
86%
Estland
85%
Finland
85%
Finland
85%
Letland
85%
Oekraïne
85%
Polen
85%
Rusland
85%
Albanië
83%
Albanië
83%
Belarus
83%
Belarus
83%
Belarus
83%
Belarus
83%
Belarus
83%
Duitsland
83%
Duitsland
83%
Duitsland
83%
Duitsland
83%
Estland
83%
Estland
83%
Finland
83%
Finland
83%
Finland
83%
Finland
83%
Finland
83%
Finland
83%
Finland
83%
Finland
83%
Frankrijk
83%
Frankrijk
83%
Frankrijk
83%
Frankrijk
83%
Frankrijk
83%
Frankrijk
83%
Frankrijk
83%
Frankrijk
83%
Frankrijk
83%
Frankrijk
83%
Griekenland
83%
Griekenland
83%
Griekenland
83%
Griekenland
83%
Griekenland
83%
Griekenland
83%
Griekenland
83%
IJsland
83%
IJsland
83%
IJsland
83%
IJsland
83%
Italië
83%
Italië
83%
Italië
83%
Italië
83%
Italië
83%
Kroatië
83%
Kroatië
83%
Letland
83%
Letland
83%
Nederland
83%
Noorwegen
83%
Noorwegen
83%
Noorwegen
83%
Noorwegen
83%
Noorwegen
83%
Noorwegen
83%
Oekraïne
83%
Oekraïne
83%
Oekraïne
83%
Oekraïne
83%
Oekraïne
83%
Oekraïne
83%
Oekraïne
83%
Oekraïne
83%
Oostenrijk
83%
Oostenrijk
83%
Polen
83%
Polen
83%
Polen
83%
Polen
83%
Polen
83%
Polen
83%
Polen
83%
Polen
83%
Roemenië
83%
Roemenië
83%
Roemenië
83%
Rusland
83%
Rusland
83%
Rusland
83%
Rusland
83%
Rusland
83%
Rusland
83%
Rusland
83%
Rusland
83%
Rusland
83%
Rusland
83%
Rusland
83%
Rusland
83%
Rusland
83%
Rusland
83%
Rusland
83%
Rusland
83%
Rusland
83%
Rusland
83%
Rusland
83%
Rusland
83%
Rusland
83%
Rusland
83%
Rusland
83%
Rusland
83%
Rusland
83%
San Marino
83%
Servië
83%
Spanje
83%
Spanje
83%
Spanje
83%
Spanje
83%
Spanje
83%
Spanje
83%
Spanje
83%
Spanje
83%
Spanje
83%
Spanje
83%
Tsjechië
83%
Tsjechië
83%
Verenigd Koninkrijk
83%
Verenigd Koninkrijk
83%
Verenigd Koninkrijk
83%
Verenigd Koninkrijk
83%
Verenigd Koninkrijk
83%
Verenigd Koninkrijk
83%
Zweden
83%
Zweden
83%
Zweden
83%
Zweden
83%
Albanië
82%
Finland
82%
Frankrijk
82%
Frankrijk
82%
Griekenland
82%
Griekenland
82%
Griekenland
82%
Italië
82%
Kroatië
82%
Kroatië
82%
Nederland
82%
Oekraïne
82%
Oekraïne
82%
Oostenrijk
82%
Polen
82%
Polen
82%
Polen
82%
Portugal
82%
Rusland
82%
Rusland
82%
Rusland
82%
Spanje
82%
Verenigd Koninkrijk
82%
Verenigd Koninkrijk
82%
Zweden
82%
Zweden
82%
Zweden
82%
Zwitserland
82%
IJsland
81%
Belarus
80%
Belarus
80%
België
80%
Bulgarije
80%
Bulgarije
80%
Denemarken
80%
Denemarken
80%
Duitsland
80%
Duitsland
80%
Duitsland
80%
Duitsland
80%
Duitsland
80%
Duitsland
80%
Finland
80%
Finland
80%
Finland
80%
Finland
80%
Finland
80%
Finland
80%
Frankrijk
80%
Frankrijk
80%
Frankrijk
80%
Frankrijk
80%
Frankrijk
80%
Frankrijk
80%
Frankrijk
80%
Frankrijk
80%
Griekenland
80%
Griekenland
80%
Griekenland
80%
Griekenland
80%
Griekenland
80%
Griekenland
80%
Griekenland
80%
Griekenland
80%
Ierland
80%
Ierland
80%
IJsland
80%
IJsland
80%
IJsland
80%
Italië
80%
Italië
80%
Italië
80%
Italië
80%
Italië
80%
Italië
80%
Italië
80%
Italië
80%
Kroatië
80%
Kroatië
80%
Kroatië
80%
Letland
80%
Litouwen
80%
Nederland
80%
Noorwegen
80%
Noorwegen
80%
Noorwegen
80%
Noorwegen
80%
Noorwegen
80%
Noorwegen
80%
Noorwegen
80%
Noorwegen
80%
Noorwegen
80%
Noorwegen
80%
Oekraïne
80%
Oekraïne
80%
Oekraïne
80%
Oekraïne
80%
Oekraïne
80%
Oekraïne
80%
Oekraïne
80%
Oekraïne
80%
Oekraïne
80%
Oekraïne
80%
Oekraïne
80%
Oekraïne
80%
Oekraïne
80%
Oekraïne
80%
Oostenrijk
80%
Polen
80%
Polen
80%
Portugal
80%
Portugal
80%
Portugal
80%
Portugal
80%
Portugal
80%
Roemenië
80%
Roemenië
80%
Roemenië
80%
Rusland
80%
Rusland
80%
Rusland
80%
Rusland
80%
Rusland
80%
Rusland
80%
Rusland
80%
Rusland
80%
Rusland
80%
Rusland
80%
Rusland
80%
Rusland
80%
Rusland
80%
Rusland
80%
Rusland
80%
Rusland
80%
Rusland
80%
Rusland
80%
Rusland
80%
Rusland
80%
Rusland
80%
Rusland
80%
Slovenië
80%
Slovenië
80%
Slowakije
80%
Spanje
80%
Spanje
80%
Spanje
80%
Spanje
80%
Spanje
80%
Spanje
80%
Spanje
80%
Verenigd Koninkrijk
80%
Verenigd Koninkrijk
80%
Verenigd Koninkrijk
80%
Verenigd Koninkrijk
80%
Verenigd Koninkrijk
80%
Zweden
80%
Zweden
80%
Zweden
80%
Zweden
80%
Zweden
80%
Zweden
80%
Zweden
80%
Zweden
80%
Zweden
80%
Zweden
80%
Zweden
80%
Zweden
80%
Zweden
80%
Zweden
80%
Griekenland
79%
Griekenland
79%
Belarus
78%
Belarus
78%
België
78%
Bosnië en Herzegovina
78%
Bosnië en Herzegovina
78%
Duitsland
78%
Duitsland
78%
Estland
78%
Finland
78%
Finland
78%
Frankrijk
78%
Frankrijk
78%
Frankrijk
78%
Griekenland
78%
Hongarije
78%
IJsland
78%
IJsland
78%
Italië
78%
Italië
78%
Kroatië
78%
Litouwen
78%
Noorwegen
78%
Noorwegen
78%
Oekraïne
78%
Oekraïne
78%
Oekraïne
78%
Oekraïne
78%
Portugal
78%
Rusland
78%
Rusland
78%
Rusland
78%
Rusland
78%
Rusland
78%
Verenigd Koninkrijk
78%
Verenigd Koninkrijk
78%
Verenigd Koninkrijk
78%
Zwitserland
78%
Duitsland
77%
Griekenland
77%
Oekraïne
77%
Oekraïne
77%
Albanië
75%
Belarus
75%
Belarus
75%
Belarus
75%
Belarus
75%
Belarus
75%
Belarus
75%
België
75%
België
75%
België
75%
Bosnië en Herzegovina
75%
Bulgarije
75%
Denemarken
75%
Denemarken
75%
Duitsland
75%
Duitsland
75%
Duitsland
75%
Duitsland
75%
Duitsland
75%
Duitsland
75%
Duitsland
75%
Duitsland
75%
Duitsland
75%
Duitsland
75%
Duitsland
75%
Duitsland
75%
Estland
75%
Estland
75%
Finland
75%
Finland
75%
Finland
75%
Frankrijk
75%
Frankrijk
75%
Frankrijk
75%
Frankrijk
75%
Frankrijk
75%
Frankrijk
75%
Frankrijk
75%
Frankrijk
75%
Griekenland
75%
Griekenland
75%
Griekenland
75%
Griekenland
75%
Griekenland
75%
Griekenland
75%
Hongarije
75%
Hongarije
75%
Hongarije
75%
Ierland
75%
IJsland
75%
IJsland
75%
IJsland
75%
IJsland
75%
IJsland
75%
Italië
75%
Italië
75%
Italië
75%
Italië
75%
Italië
75%
Letland
75%
Letland
75%
Litouwen
75%
Litouwen
75%
Moldavië
75%
Noorwegen
75%
Noorwegen
75%
Oekraïne
75%
Oekraïne
75%
Oekraïne
75%
Oekraïne
75%
Oekraïne
75%
Oekraïne
75%
Oekraïne
75%
Oekraïne
75%
Oekraïne
75%
Oekraïne
75%
Oekraïne
75%
Oekraïne
75%
Oekraïne
75%
Oekraïne
75%
Oekraïne
75%
Oekraïne
75%
Oekraïne
75%
Oekraïne
75%
Oekraïne
75%
Oekraïne
75%
Oekraïne
75%
Oekraïne
75%
Oekraïne
75%
Oekraïne
75%
Oekraïne
75%
Oekraïne
75%
Oostenrijk
75%
Oostenrijk
75%
Oostenrijk
75%
Polen
75%
Polen
75%
Polen
75%
Polen
75%
Polen
75%
Polen
75%
Polen
75%
Polen
75%
Portugal
75%
Roemenië
75%
Roemenië
75%
Roemenië
75%
Roemenië
75%
Roemenië
75%
Roemenië
75%
Roemenië
75%
Roemenië
75%
Rusland
75%
Rusland
75%
Rusland
75%
Rusland
75%
Rusland
75%
Rusland
75%
Rusland
75%
Rusland
75%
Rusland
75%
Rusland
75%
Rusland
75%
Rusland
75%
Rusland
75%
Rusland
75%
Rusland
75%
Rusland
75%
Rusland
75%
Rusland
75%
Rusland
75%
Rusland
75%
Rusland
75%
Rusland
75%
Rusland
75%
Rusland
75%
Rusland
75%
Servië
75%
Servië
75%
Spanje
75%
Spanje
75%
Spanje
75%
Spanje
75%
Tsjechië
75%
Verenigd Koninkrijk
75%
Verenigd Koninkrijk
75%
Verenigd Koninkrijk
75%
Zweden
75%
Zweden
75%
Zweden
75%
Zweden
75%
Zweden
75%
Zweden
75%
Zweden
75%
Zwitserland
75%
Zwitserland
75%
Bosnië en Herzegovina
73%
Duitsland
73%
Hongarije
73%
Italië
73%
Oekraïne
73%
Oekraïne
73%
Oekraïne
73%
Oekraïne
73%
Oekraïne
73%
Polen
73%
Polen
73%
Rusland
73%
Andorra
71%
Belarus
71%
Belarus
71%
Belarus
71%
Belarus
71%
Belarus
71%
Bosnië en Herzegovina
71%
Bulgarije
71%
Denemarken
71%
Duitsland
71%
Duitsland
71%
Estland
71%
Estland
71%
Finland
71%
Finland
71%
Finland
71%
Finland
71%
Griekenland
71%
IJsland
71%
IJsland
71%
Italië
71%
Italië
71%
Italië
71%
Italië
71%
Kroatië
71%
Kroatië
71%
Letland
71%
Letland
71%
Nederland
71%
Noorwegen
71%
Noorwegen
71%
Oekraïne
71%
Oekraïne
71%
Oekraïne
71%
Oekraïne
71%
Oekraïne
71%
Oekraïne
71%
Oekraïne
71%
Oekraïne
71%
Oekraïne
71%
Oekraïne
71%
Oekraïne
71%
Oostenrijk
71%
Oostenrijk
71%
Polen
71%
Polen
71%
Polen
71%
Polen
71%
Roemenië
71%
Roemenië
71%
Rusland
71%
Rusland
71%
Rusland
71%
Rusland
71%
Rusland
71%
Servië
71%
Spanje
71%
Spanje
71%
Spanje
71%
Tsjechië
71%
Turkije
71%
Verenigd Koninkrijk
71%
Zweden
71%
Zweden
71%
Zweden
71%
Zwitserland
71%
Zwitserland
71%
Belarus
70%
Duitsland
70%
Duitsland
70%
Finland
70%
Finland
70%
Griekenland
70%
Griekenland
70%
Kroatië
70%
Kroatië
70%
Litouwen
70%
Oekraïne
70%
Oekraïne
70%
Oekraïne
70%
Oekraïne
70%
Oekraïne
70%
Oekraïne
70%
Polen
70%
Oekraïne
69%
Rusland
69%
Rusland
69%
Albanië
67%
Belarus
67%
Belarus
67%
Belarus
67%
Belarus
67%
Belarus
67%
Belarus
67%
Belarus
67%
Belarus
67%
Belarus
67%
Belarus
67%
Belarus
67%
België
67%
Bosnië en Herzegovina
67%
Bosnië en Herzegovina
67%
Bosnië en Herzegovina
67%
Bosnië en Herzegovina
67%
Bosnië en Herzegovina
67%
Bulgarije
67%
Bulgarije
67%
Bulgarije
67%
Denemarken
67%
Duitsland
67%
Duitsland
67%
Estland
67%
Estland
67%
Finland
67%
Finland
67%
Finland
67%
Finland
67%
Finland
67%
Frankrijk
67%
Frankrijk
67%
Frankrijk
67%
Frankrijk
67%
Griekenland
67%
Griekenland
67%
Hongarije
67%
Hongarije
67%
IJsland
67%
Italië
67%
Kroatië
67%
Kroatië
67%
Kroatië
67%
Letland
67%
Letland
67%
Letland
67%
Letland
67%
Letland
67%
Letland
67%
Litouwen
67%
Litouwen
67%
Litouwen
67%
Litouwen
67%
Malta
67%
Moldavië
67%
Moldavië
67%
Nederland
67%
Noorwegen
67%
Noorwegen
67%
Noorwegen
67%
Noorwegen
67%
Oekraïne
67%
Oekraïne
67%
Oekraïne
67%
Oekraïne
67%
Oekraïne
67%
Oekraïne
67%
Oekraïne
67%
Oekraïne
67%
Oekraïne
67%
Oekraïne
67%
Oekraïne
67%
Oekraïne
67%
Oostenrijk
67%
Oostenrijk
67%
Oostenrijk
67%
Oostenrijk
67%
Polen
67%
Polen
67%
Polen
67%
Polen
67%
Polen
67%
Roemenië
67%
Roemenië
67%
Roemenië
67%
Roemenië
67%
Roemenië
67%
Rusland
67%
Rusland
67%
Rusland
67%
Rusland
67%
Rusland
67%
Rusland
67%
Rusland
67%
Rusland
67%
Rusland
67%
Rusland
67%
Rusland
67%
Rusland
67%
Rusland
67%
Rusland
67%
Rusland
67%
Rusland
67%
Rusland
67%
Servië
67%
Servië
67%
Servië
67%
Servië
67%
Slovenië
67%
Slovenië
67%
Slovenië
67%
Slowakije
67%
Slowakije
67%
Slowakije
67%
Spanje
67%
Spanje
67%
Tsjechië
67%
Tsjechië
67%
Tsjechië
67%
Tsjechië
67%
Tsjechië
67%
Tsjechië
67%
Verenigd Koninkrijk
67%
Zweden
67%
Zweden
67%
Zweden
67%
Zweden
67%
Zwitserland
67%
Zwitserland
67%
Zwitserland
67%
Griekenland
64%
Hongarije
64%
Hongarije
64%
Ierland
64%
Rusland
64%
Verenigd Koninkrijk
64%
Bulgarije
63%
Bulgarije
63%
Estland
63%
Finland
63%
Frankrijk
63%
Griekenland
63%
Griekenland
63%
Hongarije
63%
IJsland
63%
Kroatië
63%
Letland
63%
Litouwen
63%
Moldavië
63%
Noord-Macedonië
63%
Oekraïne
63%
Oekraïne
63%
Oekraïne
63%
Oekraïne
63%
Oekraïne
63%
Oekraïne
63%
Oostenrijk
63%
Polen
63%
Polen
63%
Polen
63%
Polen
63%
Roemenië
63%
Roemenië
63%
Roemenië
63%
Roemenië
63%
Roemenië
63%
Roemenië
63%
Roemenië
63%
Rusland
63%
Servië
63%
Servië
63%
Tsjechië
63%
Oekraïne
62%
Belarus
60%
Belarus
60%
Belarus
60%
Bosnië en Herzegovina
60%
Bosnië en Herzegovina
60%
Bulgarije
60%
Bulgarije
60%
Bulgarije
60%
Bulgarije
60%
Denemarken
60%
Duitsland
60%
Duitsland
60%
Duitsland
60%
Finland
60%
Griekenland
60%
Griekenland
60%
Griekenland
60%
Griekenland
60%
Hongarije
60%
IJsland
60%
Letland
60%
Litouwen
60%
Litouwen
60%
Litouwen
60%
Moldavië
60%
Noord-Macedonië
60%
Noorwegen
60%
Oekraïne
60%
Oekraïne
60%
Oekraïne
60%
Oekraïne
60%
Oekraïne
60%
Oekraïne
60%
Oekraïne
60%
Oekraïne
60%
Oostenrijk
60%
Oostenrijk
60%
Polen
60%
Polen
60%
Roemenië
60%
Roemenië
60%
Roemenië
60%
Roemenië
60%
Roemenië
60%
Rusland
60%
Servië
60%
Slovenië
60%
Spanje
60%
Tsjechië
60%
Tsjechië
60%
Tsjechië
60%
Verenigd Koninkrijk
60%
Zweden
60%
Zwitserland
60%
Zwitserland
60%
Zwitserland
60%
Denemarken
58%
Belarus
57%
Belarus
57%
Bulgarije
57%
Duitsland
57%
Duitsland
57%
Hongarije
57%
Hongarije
57%
IJsland
57%
Litouwen
57%
Moldavië
57%
Noord-Macedonië
57%
Oekraïne
57%
Oekraïne
57%
Oekraïne
57%
Oekraïne
57%
Oekraïne
57%
Polen
57%
Polen
57%
Polen
57%
Roemenië
57%
Roemenië
57%
Roemenië
57%
Roemenië
57%
Servië
57%
Servië
57%
Spanje
57%
Tsjechië
57%
Tsjechië
57%
Tsjechië
57%
Turkije
57%
Turkije
57%
Zweden
57%
Bosnië en Herzegovina
56%
Bulgarije
56%
Denemarken
56%
Duitsland
56%
Litouwen
56%
Moldavië
56%
Oekraïne
56%
Oekraïne
56%
Oekraïne
56%
Oostenrijk
56%
Roemenië
56%
Roemenië
56%
Litouwen
55%
Montenegro
55%
Oostenrijk
55%
Roemenië
55%
Belarus
54%
Noord-Macedonië
54%
Albanië
50%
Belarus
50%
Belarus
50%
Belarus
50%
Belarus
50%
Belarus
50%
Belarus
50%
Belarus
50%
Belarus
50%
Belarus
50%
Belarus
50%
Belarus
50%
Belarus
50%
Belarus
50%
Belarus
50%
Belarus
50%
Bosnië en Herzegovina
50%
Bosnië en Herzegovina
50%
Bulgarije
50%
Bulgarije
50%
Bulgarije
50%
Bulgarije
50%
Bulgarije
50%
Denemarken
50%
Duitsland
50%
Duitsland
50%
Finland
50%
Frankrijk
50%
Griekenland
50%
Griekenland
50%
Griekenland
50%
Griekenland
50%
Griekenland
50%
Hongarije
50%
Hongarije
50%
Hongarije
50%
Hongarije
50%
Hongarije
50%
Hongarije
50%
Hongarije
50%
Italië
50%
Kosovo
50%
Kosovo
50%
Kroatië
50%
Kroatië
50%
Kroatië
50%
Letland
50%
Letland
50%
Litouwen
50%
Litouwen
50%
Litouwen
50%
Litouwen
50%
Moldavië
50%
Moldavië
50%
Moldavië
50%
Montenegro
50%
Noord-Macedonië
50%
Noorwegen
50%
Oekraïne
50%
Oekraïne
50%
Oekraïne
50%
Oekraïne
50%
Oekraïne
50%
Oekraïne
50%
Oekraïne
50%
Oekraïne
50%
Oekraïne
50%
Oekraïne
50%
Oekraïne
50%
Oekraïne
50%
Oostenrijk
50%
Oostenrijk
50%
Oostenrijk
50%
Polen
50%
Polen
50%
Polen
50%
Portugal
50%
Roemenië
50%
Roemenië
50%
Roemenië
50%
Roemenië
50%
Roemenië
50%
Roemenië
50%
Roemenië
50%
Roemenië
50%
Roemenië
50%
Roemenië
50%
Roemenië
50%
Roemenië
50%
Roemenië
50%
Roemenië
50%
Rusland
50%
Rusland
50%
Rusland
50%
Rusland
50%
Rusland
50%
Servië
50%
Slovenië
50%
Slowakije
50%
Slowakije
50%
Slowakije
50%
Slowakije
50%
Slowakije
50%
Slowakije
50%
Spanje
50%
Tsjechië
50%
Tsjechië
50%
Tsjechië
50%
Tsjechië
50%
Turkije
50%
Turkije
50%
Turkije
50%
Zwitserland
50%
Zwitserland
50%
Bulgarije
46%
Tsjechië
45%
Kosovo
44%
Noord-Macedonië
44%
Oekraïne
44%
Servië
44%
Slowakije
44%
Slowakije
44%
Bulgarije
43%
Bulgarije
43%
Bulgarije
43%
Hongarije
43%
Kosovo
43%
Kroatië
43%
Litouwen
43%
Litouwen
43%
Moldavië
43%
Oekraïne
43%
Oekraïne
43%
Oostenrijk
43%
Roemenië
43%
Roemenië
43%
Servië
43%
Slowakije
43%
Tsjechië
43%
Turkije
43%
Hongarije
42%
Belarus
40%
Belarus
40%
Bulgarije
40%
Bulgarije
40%
Griekenland
40%
Hongarije
40%
Letland
40%
Letland
40%
Litouwen
40%
Luxemburg
40%
Montenegro
40%
Oekraïne
40%
Oekraïne
40%
Oekraïne
40%
Oostenrijk
40%
Roemenië
40%
Roemenië
40%
Roemenië
40%
Servië
40%
Slowakije
40%
Slowakije
40%
Turkije
40%
Belarus
38%
Montenegro
38%
Roemenië
38%
Servië
38%
Turkije
38%
Kroatië
36%
Roemenië
36%
Turkije
36%
Belarus
33%
Belarus
33%
Bulgarije
33%
Bulgarije
33%
Bulgarije
33%
Bulgarije
33%
Duitsland
33%
Griekenland
33%
Hongarije
33%
Hongarije
33%
IJsland
33%
Kosovo
33%
Kroatië
33%
Kroatië
33%
Moldavië
33%
Moldavië
33%
Moldavië
33%
Montenegro
33%
Noord-Macedonië
33%
Oekraïne
33%
Oekraïne
33%
Oostenrijk
33%
Oostenrijk
33%
Roemenië
33%
Roemenië
33%
Roemenië
33%
Roemenië
33%
Rusland
33%
Servië
33%
Slowakije
33%
Tsjechië
33%
Noord-Macedonië
30%
Hongarije
29%
Hongarije
29%
Moldavië
29%
Monaco
29%
Servië
29%
Tsjechië
29%
Tsjechië
29%
Moldavië
27%
Roemenië
27%
Albanië
25%
Bulgarije
25%
Noord-Macedonië
25%
Oekraïne
25%
Oostenrijk
25%
Polen
25%
Roemenië
25%
Roemenië
25%
Rusland
25%
Slowakije
25%
Turkije
25%
Albanië
20%
Hongarije
20%
Montenegro
20%
Slovenië
20%
Slowakije
20%
Turkije
20%
Liechtenstein
18%
Hongarije
17%
Montenegro
17%
Roemenië
17%
Slowakije
14%
Belarus
0%
Belarus
0%
Bosnië en Herzegovina
0%
Bulgarije
0%
Duitsland
0%
Hongarije
0%
Hongarije
0%
Oostenrijk
0%
Polen
0%
Roemenië
0%
Rusland
0%
Rusland
0%
Servië
0%
Geen overeenkomende quizzen gevonden
Scoreverdeling
Procent van Mensen met Elke Score
Percentiel versus Aantal Correcte Antwoorden
Uw Scoregeschiedenis
U heeft deze quiz nog niet genomen